El Salvador de 1840 a 1935 (Registro nro. 4183)

Detalles MARC
000 -CABECERA
Longitud fija campo de control 00763cam a2200229 i 4500
001 - NÚMERO DE CONTROL
Número de control 4176616
003 - IDENTIFICADOR DELl NÚMERO DE CONTROL
Identificador del número de control OSt
005 - FECHA Y HORA DE LA ÚLTIMA TRANSACCIÓN
Fecha y hora de la última transacción 20140519213004.0
008 - CÓDIGOS DE INFORMACIÓN DE LONGITUD FIJA
Códigos de información de longitud fija 800226s1985 es a b 000 0 spa
020 ## - NÚMERO INTERNACIONAL NORMALIZADO PARA LIBROS
Número Internacional Normalizado para Libros (ISBN) 84-8405-008-4
040 ## - FUENTE DE LA CATALOGACIÓN
Centro catalogador de origen DLC
Centro transcriptor BMC
082 ## - NÚMERO DE LA CLASIFICACIÓN DECIMAL DEWEY
Númeroo de clasificación 972.87051
245 00 - MENCIÓN DE TÍTULO
Título El Salvador de 1840 a 1935
Mención de responsabilidad, etc. estudiado y analizado por los extranjeros John Baily ... [et al.] ; selección, traducción, prólogo y notas de Rafael Menjívar y Rafael Guidos Véjar.
250 ## - MENCIÓN DE EDICIÓN
Mención de edición 2ª ed
260 ## - PUBLICACIÓN, DISTRIBUCIÓN, ETC. (PIE DE IMPRENTA)
Lugar de publicación, distribución, etc. San Salvado
Nombre del editor, distribuidor, etc. UCA Editores
Fecha de publicación, distribución, etc. 1985
300 ## - DESCRIPCIÓN FÍSICA
Extensión 269 p.
Otras características físicas il.
Dimensiones 19 cm
651 #4 - PUNTO DE ACCESO ADICIONAL DE MATERIA - NOMBRE GEOGRÁFICO
9 (RLIN) 9376
Nombre geográfico El Salvador
Subdivisión de materia general Historia
Subdivisión cronológica 1838-1944
700 1# - PUNTO DE ACCESO ADICIONAL - NOMBRE DE PERSONA
Nombre de persona Baily, John
9 (RLIN) 9375
700 1# - PUNTO DE ACCESO ADICIONAL - NOMBRE DE PERSONA
9 (RLIN) 9428
Nombre de persona Menjívar, Rafael
700 1# - PUNTO DE ACCESO ADICIONAL - NOMBRE DE PERSONA
9 (RLIN) 9429
Nombre de persona Guidos Véjar, Rafael‏
942 ## - ENTRADA DE ELEMENTOS AGREGADOS (KOHA)
Fuente de clasificaión o esquema Dewey Decimal Classification
Koha [por defecto] tipo de item 1- Monografias
Existencias
Suprimido Perdido Fuente de clasificación o esquema Estropeado Restricciones de uso No para préstamo Código de colección Localización permanente Localización actual Localización en estanter&íacute;as Fecha adquisición Fuente de adquisición Número de inventario Préstamos totales Renovaciones totales Signatura completa Código de barras Fecha última consulta Fecha último préstamo Coste, precio reemplazado Fecha del precio de reemplazo Tipo de item de Koha
NULL NULL Dewey Decimal Classification NULL Prestable NULL NULL Biblioteca Miguel de Cervantes - UNICAES Biblioteca Miguel de Cervantes - UNICAES Sala Principal 15/11/2013 Donación - Mauricio Menéndez 007206 2 1 972.87 ELS 1007206 09/11/2015 06/11/2015 5.44 15/11/2013 1- Monografias